Adventures of Bailey. (Record no. 279348)
[ view plain ]
| 000 -LEADER | |
|---|---|
| fixed length control field | 01795ngm a22003971a 4500 |
| 005 - DATE AND TIME OF LATEST TRANSACTION | |
| control field | 20200320190601.0 |
| 007 - PHYSICAL DESCRIPTION FIXED FIELD--GENERAL INFORMATION | |
| fixed length control field | vd cvaizu |
| 008 - FIXED-LENGTH DATA ELEMENTS--GENERAL INFORMATION | |
| fixed length control field | 121015s2012 nyu j vleng d |
| 024 1# - OTHER STANDARD IDENTIFIER | |
| Standard number or code | 741952732891 |
| 028 42 - PUBLISHER NUMBER | |
| Publisher number | E1E7328DD |
| Source | E1 Entertainment |
| 037 ## - SOURCE OF ACQUISITION | |
| Stock number | E1E7328DD |
| Source of stock number/acquisition | www.Micromarketing.org 800-229-9887 |
| Terms of availability | 14.98 |
| 040 ## - CATALOGING SOURCE | |
| Original cataloging agency | MM LLC |
| Language of cataloging | eng |
| Transcribing agency | MM LLC |
| 050 ## - LIBRARY OF CONGRESS CALL NUMBER | |
| Classification number | PN1997.2 |
| Item number | .A38 2012 |
| 082 04 - DEWEY DECIMAL CLASSIFICATION NUMBER | |
| Classification number | 791.43/72 |
| Edition number | 23 |
| 245 00 - TITLE STATEMENT | |
| Title | Adventures of Bailey. |
| Name of part/section of a work | Christmas hero |
| Medium | [videorecording] . |
| 246 30 - VARYING FORM OF TITLE | |
| Title proper/short title | Christmas hero. |
| 250 ## - EDITION STATEMENT | |
| Edition statement | Widescreen ed. |
| 260 ## - PUBLICATION, DISTRIBUTION, ETC. (IMPRINT) | |
| Place of publication, distribution, etc | [Port Washington, NY] : |
| Name of publisher, distributor, etc | Entertainment One, Ltd, |
| Date of publication, distribution, etc | 2012. |
| 300 ## - PHYSICAL DESCRIPTION | |
| Extent | 1 videodisc (90 min.) : |
| Other physical details | sd., col. ; |
| Dimensions | 4 3/4 in. |
| 500 ## - GENERAL NOTE | |
| General note | Title from container. |
| 520 ## - SUMMARY, ETC. | |
| Summary, etc | It's Christmas time at the Baker household, and Bailey is at it again. Worried that he will not get any presents from Santa, Bailey learns about a mysterious Native American Indian brave who may be able to make his Christmas wishes come true. But when Bailey's misguided actions threaten his family's plans, Bailey is forced to make a big decision... one that just might enable him to finally understand the true meaning of Christmas. |
| 521 8# - TARGET AUDIENCE NOTE | |
| Target audience note | Not rated. |
| 538 ## - SYSTEM DETAILS NOTE | |
| System details note | DVD. |
| 650 #0 - SUBJECT ADDED ENTRY--TOPICAL TERM | |
| Topical term or geographic name as entry element | Puppies |
| Form subdivision | Juvenile films. |
| 9 (RLIN) | 5716238 |
| 650 #1 - SUBJECT ADDED ENTRY--TOPICAL TERM | |
| Topical term or geographic name as entry element | Dogs |
| Form subdivision | Drama. |
| 9 (RLIN) | 5699115 |
| 650 #1 - SUBJECT ADDED ENTRY--TOPICAL TERM | |
| Topical term or geographic name as entry element | Christmas |
| Form subdivision | Drama. |
| 9 (RLIN) | 5705012 |
| 655 #7 - INDEX TERM--GENRE/FORM | |
| Genre/form data or focus term | Feature films. |
| Source of term | lcgft. |
| 9 (RLIN) | 5875237 |
| 655 #7 - INDEX TERM--GENRE/FORM | |
| Genre/form data or focus term | Children's films. |
| Source of term | lcgft. |
| 9 (RLIN) | 5875238 |
| 655 #7 - INDEX TERM--GENRE/FORM | |
| Genre/form data or focus term | Animal films. |
| Source of term | lcgft. |
| 9 (RLIN) | 5875239 |
| 700 1# - ADDED ENTRY--PERSONAL NAME | |
| Personal name | Shew, Rick. |
| 9 (RLIN) | 5875240 |
| 700 1# - ADDED ENTRY--PERSONAL NAME | |
| Personal name | Bumpass, Trey. |
| 9 (RLIN) | 5875241 |
| 710 2# - ADDED ENTRY--CORPORATE NAME | |
| Corporate name or jurisdiction name as entry element | Entertainment One, Ltd. |
| 9 (RLIN) | 5875242 |
| 942 ## - ADDED ENTRY ELEMENTS (KOHA) | |
| Koha item type | DVD |
| 948 ## - LOCAL PROCESSING INFORMATION (OCLC); SERIES PART DESIGNATOR (RLIN) | |
| Series part designator, SPT (RLIN) | 12/04/2012 |
| z (OCLC) | Sirsi |
| 996 ## - | |
| -- | 94393 |
| -- | 34301001127838 |
| -- | HOLDVD |
| -- | DVD |
| -- | wcl |
| -- | i |
| -- | 54 |
| -- | 14.95 |
| -- | micro |
| -- | Adv |
| -- | 12/04/2012 |
| -- | 03/03/2020 |
| -- | 02/25/2020 |
| Withdrawn status | Lost status | Source of classification or shelving scheme | Damaged status | Not for loan | Collection code | Home library | Current library | Shelving location | Date acquired | Source of acquisition | Cost, normal purchase price | Total Checkouts | Total Renewals | Full call number | Barcode | Date last seen | Date checked out | Cost, replacement price | Price effective from | Koha item type |
|---|---|---|---|---|---|---|---|---|---|---|---|---|---|---|---|---|---|---|---|---|
| Dewey Decimal Classification | Holiday Movies | Wasatch County Library | Wasatch County Library | Audio Visual Area | 12/04/2012 | 14.95 | 64 | 15 | DVD Adv | 34301001127838 | 12/09/2025 | 12/02/2025 | 14.95 | 03/20/2020 | DVD |
